Ультрасонографическая оценка состояния транспозированных яичников после лечения инвазивных форм рака шейки матки (Запись № 1608491)

Подробности
000 -МАРКЕР
контрольное поле 02176nam0a2200337 4500
001 - ИДЕНТИФИКАТОР ЗАПИСИ
контрольное поле RU\NLR\bibl\883980
005 - ИДЕНТИФИКАТОР ВЕРСИИ
контрольное поле 20260408173132.0
010 ## - МЕЖДУНАРОДНЫЙ СТАНДАРТНЫЙ НОМЕР КНИГИ (ISBN)
Номер (ISBN) 5-85502-085-1
Тираж 300
021 ## - НОМЕР ГОСУДАРСТВЕННОЙ РЕГИСТРАЦИИ
Код страны Российская Федерация
Номер 2005-70896
Номер Листа государственной регистраци 3492
035 ## - ДРУГИЕ СИСТЕМНЫЕ НОМЕРА
Идентификатор записи (NLR Aleph) 000872531
100 ## - ДАННЫЕ ОБЩЕЙ ОБРАБОТКИ
Данные общей обработки 20051206d2005 u y0rusy50 ca
101 0# - ЯЗЫК РЕСУРСА
Язык текста, звукозаписи и т.д. русский
102 ## - СТРАНА ПУБЛИКАЦИИ ИЛИ ПРОИЗВОДСТВА
Страна публикации Российская Федерация
105 ## - ПОЛЕ КОДИРОВАННЫХ ДАННЫХ: ТЕКСТОВЫЕ МАТЕРИАЛЫ, МОНОГРАФИЧЕСКИЕ
Кодированные данные о монографическом текстовом документе a |||||||||
200 1# - ЗАГЛАВИЕ И СВЕДЕНИЯ ОБ ОТВЕТСТВЕННОСТИ
Основное заглавие Ультрасонографическая оценка состояния транспозированных яичников после лечения инвазивных форм рака шейки матки
Сведения, относящиеся к заглавию пособие для врачей
Первые сведения об ответственности М-во здравоохранения и социал. развития Рос. Федерации, Федер. гос. учреждение Моск. науч.-исслед. онколог. ин-т им. П.А. Герцена Федер. агентства по здравоохранению и социальному развитию
Последующие сведения об ответственности [Седых С.А. и др.]
210 ## - ПУБЛИКАЦИЯ, РАСПРОСТРАНЕНИЕ И ДР.
Место издания, распространения и т.д. Москва
Имя издателя, распространителя и т. д. ФГУ МНИОИ им. П.А. Герцена
Дата издания, распространения и т.д. 2005
215 ## - ФИЗИЧЕСКАЯ ХАРАКТЕРИСТИКА
Специфическое обозначение материала и объем 21 с.
Другие сведения о физической характеристике ил.
Размеры 21
320 ## - ПРИМЕЧАНИЯ О НАЛИЧИИ В ДОКУМЕНТЕ БИБЛИОГРАФИИ / УКАЗАТЕЛЯ
Текст примечания Библиогр.: с. 19-21 (35 назв.)
606 1# - НАИМЕНОВАНИЕ ТЕМЫ КАК ПРЕДМЕТ
Наименование темы Яичники
Формальный подзаголовок Методические пособия
Тематический подзаголовок Функции после пересадки в брюшную полость
-- Ультразвуковые исследования
Системный номер авторитетной/нормативной записи 2406980
Идентификатор авторитетной/нормативной записи RU\NLR\auth\661434397
606 ## - НАИМЕНОВАНИЕ ТЕМЫ КАК ПРЕДМЕТ
Наименование темы Рак (онкол.) шейки матки
Тематический подзаголовок Хирургическое лечение
Формальный подзаголовок Методические пособия
Идентификатор авторитетной/нормативной записи RU\NLR\auth\66746732
Системный номер авторитетной/нормативной записи 1681737
686 ## - ИНДЕКСЫ ДРУГИХ КЛАССИФИКАЦИЙ
Индекс Р569.714.2 Рак-59я8
686 ## - ИНДЕКСЫ ДРУГИХ КЛАССИФИКАЦИЙ
Индекс Р715.52-433.9я8
702 #1 - ИМЯ ЛИЦА - ВТОРИЧНАЯ ОТВЕТСТВЕННОСТЬ
Код отношения Составитель
Материалы, к которым относится поле rus
Графика поля Кириллица
Начальный элемент ввода Седых
Часть имени, кроме начального элемента ввода С. А.
Дополнения к именам, кроме дат д-р мед. наук
Даты 1960-2010
Расширение инициалов личного имени Сергей Анатольевич
Идентификатор авторитетной/нормативной записи RU\NLR\auth\77106362
Системный номер авторитетной/нормативной записи 89287
712 02 - НАИМЕНОВАНИЕ ОРГАНИЗАЦИИ - ВТОРИЧНАЯ ОТВЕТСТВЕННОСТЬ
Код отношения Прочие
Начальный элемент ввода Московский научно-исследовательский онкологический институт им. П. А. Герцена
Идентификатор авторитетной/нормативной записи RU\NLR\AUTH\8810019294
Системный номер авторитетной/нормативной записи 536478
801 #0 - ИСТОЧНИК ЗАПИСИ
Страна Российская Федерация
Организация NLR
Дата составления 20051206
Правила каталогизации rcr
801 #1 - ИСТОЧНИК ЗАПИСИ
Страна Российская Федерация
Организация NLR
Дата составления 20051206
830 ## - ОБЩЕЕ ПРИМЕЧАНИЕ, СОСТАВЛЕННОЕ КАТАЛОГИЗАТОРОМ
Текст примечания сост. по кн.
942 ## - ДОПОЛНИТЕЛЬНЫЕ ЭЛЕМЕНТЫ ЗАПИСИ (АБИС)
Тип экземпляра АБИС Книга
980 ## - КОЛЛЕКЦИЯ
Название коллекции Национальная библиография
Экземпляры
Тип экземпляра Дата поступления Источник поступления Библиотека постоянного хранения Библиотека текущего хранения Место хранения Шифр хранения Штрих-код Статус экземпляра
Книга 06.12.2005 Обязательный экземпляр РНБ (Московский) РНБ (Московский) Русский книжный фонд: издания с 1957 года 2005-4/48778 2069917  
Книга 06.12.2005 Обязательный экземпляр РНБ (Московский) РНБ (Московский) Русский книжный фонд: издания с 1957 года 2005-4/48778 2069918